Influence of modified carbon black filler on the reinforcement of NR vulcanizate (Record no. 61268)

MARC details
000 -LEADER
fixed length control field 00487nam a2200157Ia 4500
100 ## - MAIN ENTRY--AUTHOR NAME
Personal name Ghosh Arup K
245 #0 - TITLE STATEMENT
Title Influence of modified carbon black filler on the reinforcement of NR vulcanizate
260 ## - PUBLICATION, DISTRIBUTION, ETC. (IMPRINT)
Name of publisher National Seminar on Advances in Polymer Technology, Cochin, 1996; p179
650 ## - SUBJECT ADDED ENTRY--TOPICAL TERM
Topical Term NR vulcanizate
650 ## - SUBJECT ADDED ENTRY--TOPICAL TERM
Topical Term Rubber filler
700 ## - ADDED ENTRY--PERSONAL NAME
Personal name Basu Dam Adhikari
700 ## - ADDED ENTRY--PERSONAL NAME
Personal name Mustafi S K
700 ## - ADDED ENTRY--PERSONAL NAME
Personal name Rai G S
942 ## - ADDED ENTRY ELEMENTS (KOHA)
Koha item type Journals
Holdings
Withdrawn status Lost status Damaged status Not for loan Home library Current library Shelving location Date acquired Koha item type
      Journals RRII Library RRII Library Rubber chemistry 17/12/2021 Journals